Spomienky, op. 25 partitúra /

Hlavní autor: Cikker, Ján, 1911-1989
Jazyk: Nelze použít, není lingvistický obsah
Vydáno: Bratislava : Slovenské hudobné vydavateľstvo, 1954
Fyzický popis: 1 partitura (45 s.)
Hudebniny Hudebniny
Uloženo v:
LEADER 00956ncm a22002292a 4500
001 001191104
003 CZ BrMZK
005 20120320134409.0
007 qu
008 120124s1954 xo |||||||||||||||||zxx d
040 |a BOA001  |b cze 
072 7 |a 785  |x Instrumentální hudba. Symfonická hudba. Hudba pro více nástrojů  |2 Konspekt  |9 9 
100 1 |a Cikker, Ján,  |d 1911-1989  |7 jn19990210145  |4 cmp 
245 1 0 |a Spomienky, op. 25  |h [hudebnina] :  |b partitúra /  |c Ján Cikker 
260 |a Bratislava :  |b Slovenské hudobné vydavateľstvo,  |c 1954 
300 |a 1 partitura (45 s.) 
910 |a BOA001  |b Mus4-0334.798 
990 |a MU 
991 |b 201201 
996 7 |b 2619589517  |c Mus4-0334.798  |l MZK  |r Sklad / do 1 hodiny  |n 0  |w 001224548  |u 000030  |a 1  |e BOA001  |j MZK50  |s A 
996 7 |b 2619589518  |c Mus4-0334.798  |l MZK  |r Sklad / do 1 hodiny  |n 0  |w 001224548  |u 000010  |a 1  |e BOA001  |j MZK50  |s A 
996 7 |b 2619589519  |c Mus4-0334.798  |l MZK  |r Sklad / do 1 hodiny  |n 0  |w 001224548  |u 000020  |a 1  |e BOA001  |j MZK50  |s A